All of American Authors - Statistics

General Stats
  • This quiz has been taken 8 times
  • The average score is 33 of 80
Answer Stats
Hint Answer % Correct
American Authors EP Best Day of My Life
100%
Oh, What a Life Best Day of My Life
100%
American Authors EP Believer
80%
Oh, What a Life Believer
80%
Oh, What a Life Heart of Stone
80%
American Authors EP Hit It
80%
Oh, What a Life Hit It
80%
American Authors EP Home
80%
Oh, What a Life Home
80%
Oh, What a Life Love
80%
American Authors EP Luck
80%
Oh, What a Life Luck
80%
Oh, What a Life Oh, What a Life
80%
Counting Down EP Best I Can (with Seeb)
60%
Counting Down EP Brick By Brick
60%
Oh, What a Life Ghost
60%
What We Live For Go Big or Go Home
60%
Counting Down EP Microphone
60%
What We Live For Right Here Right Now
60%
Oh, What a Life Think About It
60%
Oh, What a Life Trouble
60%
What We Live For What We Live For
60%
Bear Fight EP 4 Out of 10
40%
Rich With Love EP All in the Fire
40%
Seasons Before I Go
40%
Anthropology EP Best I Could Do
40%
Night Hawke EP Breaking Me
40%
Seasons Bring It On Home
40%
Other Bring it on Home (ft. Phillip Phillips & Maddie Poppe)
40%
Seasons Calm Me Down
40%
Seasons Can't Stop Me Now
40%
Rich With Love EP Couldn't Get it Right
40%
Counting Down EP Counting Down
40%
Seasons Deep Water
40%
Anthropology EP Fight For You
40%
What We Live For I'm Born to Run
40%
Seasons I Wanna Go Out
40%
Anthropology EP Keep Me Dreaming
40%
Night Hawke EP Lil' Mama
40%
Rich With Love EP Lonely Life
40%
Anthropology EP Love You Fear
40%
What We Live For Mind Body Soul
40%
Seasons Neighborhood (ft. Bear Rinehart)
40%
What We Live For Pocket Full of Gold
40%
What We Live For Pride
40%
Seasons Real Place
40%
What We Live For Replaced
40%
Rich With Love EP Rich With Love
40%
Anthropology EP Run Back Home
40%
Seasons Say Amen (ft. Billy Raffoul)
40%
Surrounded By Wolves EP Speed of Light
40%
Seasons Stay Around
40%
What We Live For Superman
40%
Rich With Love EP Tell Me How You Feel
40%
Rich With Love EP Time and Time Again
40%
Surrounded By Wolves EP 10 Years Behind
20%
Bear Fight EP Away Away
20%
Bear Fight EP Better Times
20%
Counting Down EP Sky's the Limit
20%
Other Everything Everything
20%
Other Favorite Time of the Year
20%
Surrounded By Wolves EP It's a Shame
20%
Surrounded By Wolves EP Love Like This
20%
Bear Fight EP Loverboy
20%
What We Live For Mess With Your Heart
20%
Other Nice and Easy (ft. Mark McGrath)
20%
What We Live For No Love
20%
What We Live For Nothing Better
20%
Other One Way Up
20%
Night Hawke EP Say it Again
20%
Night Hawke EP Slow Down
20%
Night Hawke EP That 850
20%
Bear Fight EP There Will Be Blood (ft. Kyle Patrick)
20%
Other Timeless (ft. Chad Tepper)
20%
Night Hawke EP True Blood
20%
Other Champion (ft. Beau Young Prince)
0%
Other Do My Own Thing
0%
Other Good Ol' Boys (with Gazzo)
0%
Other Move
0%
Other This Time is Right
0%
No matching quizzes found
Score Distribution
Percent of People with Each Score
Percentile by Number Answered
Your Score History
You have not taken this quiz